Statistics for European countries with currencies starting with K

Click here to take the quiz!

General Stats

  • This quiz has been taken 29 times
  • The average score is 8 of 10

Answer Stats

CurrencyCountry% Correct
CurrencyKroneNorway
100%
CurrencyKronaSweden
100%
CurrencyKroneDenmark
96%
CurrencyKrónaIceland
89%
CurrencyKorunaCzech Republic
85%
Fractional unitKopiykaUkraine
81%
CurrencyKunaCroatia
78%
Fractional unitKopeckBelarus
70%
Fractional unitKopeykaRussia
70%
Fractional unitKuruşTurkey
52%

Score Distribution

Percentile by Number Answered

Percent of People with Each Score

Your Score History

You have not taken this quiz